Doctor Maisy / (Record no. 6446)

MARC details
000 -LEADER
fixed length control field 01130cam a2200337 a 4500
001 - CONTROL NUMBER
control field 6446
003 - CONTROL NUMBER IDENTIFIER
control field FISKH
005 - DATE AND TIME OF LATEST TRANSACTION
control field 20250502121308.0
008 - FIXED-LENGTH DATA ELEMENTS--GENERAL INFORMATION
fixed length control field 001208s2001 maua a 000 1 eng
010 ## - LIBRARY OF CONGRESS CONTROL NUMBER
LC control number 00111827
020 ## - INTERNATIONAL STANDARD BOOK NUMBER
International Standard Book Number 0763616125 (alk. paper)
020 ## - INTERNATIONAL STANDARD BOOK NUMBER
International Standard Book Number 9780763616137
020 ## - INTERNATIONAL STANDARD BOOK NUMBER
International Standard Book Number 0763616133 (pbk. : alk. paper)
040 ## - CATALOGING SOURCE
Original cataloging agency DLC
Transcribing agency DLC
Modifying agency DLC
Language of cataloging eng
050 ## - LIBRARY OF CONGRESS CALL NUMBER
Classification number PZ7.C83175 D
082 ## - DEWEY DECIMAL CLASSIFICATION NUMBER
Classification number 823.914
100 1# - MAIN ENTRY--PERSONAL NAME
Personal name Cousins, Lucy.
245 10 - TITLE STATEMENT
Title Doctor Maisy /
Statement of responsibility, etc. Lucy Cousins.
260 ## - PUBLICATION, DISTRIBUTION, ETC.
Place of publication, distribution, etc. Cambridge :
Name of publisher, distributor, etc. Candlewick Press,
Date of publication, distribution, etc. 2001.
300 ## - PHYSICAL DESCRIPTION
Extent 19 unnumbered pages :
Other physical details color illustrations ;
Dimensions 21 cm
505 ## - FORMATTED CONTENTS NOTE
Formatted contents note C<br/>
520 ## - SUMMARY, ETC.
Summary, etc. "It's Doctor Maisy and Nurse Tallulah, and they're playing hospital. Poor Panda is sick, but Maisy takes good care of him. Then it's Maisy's turn to need the help--and Nurse Tallulah comes to the rescue!"<br/>
521 8# - TARGET AUDIENCE NOTE
Target audience note 100<br/>
Source Lexile estimate <br/>
521 8# - TARGET AUDIENCE NOTE
Target audience note C<br/>
Source Raz-Plus<br/>
650 #1 - SUBJECT ADDED ENTRY--TOPICAL TERM
Topical term or geographic name entry element Play
Form subdivision Fiction.
650 #1 - SUBJECT ADDED ENTRY--TOPICAL TERM
Topical term or geographic name entry element Medical care
Form subdivision Fiction.
650 #1 - SUBJECT ADDED ENTRY--TOPICAL TERM
Topical term or geographic name entry element Mice
Form subdivision Fiction.
906 ## - LOCAL DATA ELEMENT F, LDF (RLIN)
a 7
b cbc
c orignew
d 2
e epcn
f 20
g y-gencatlg
942 ## - ADDED ENTRY ELEMENTS (KOHA)
Source of classification or shelving scheme Dewey Decimal Classification
Koha item type Books
Suppress in OPAC No
Holdings
Withdrawn status Lost status Source of classification or shelving scheme Damaged status Not for loan Collection Home library Current library Shelving location Date acquired Total Checkouts Full call number Barcode Date last seen Copy number Price effective from Koha item type
    Dewey Decimal Classification     Juvenile Fiction Footprints International School Library Network Toul Kork Campus Footprints International School Library Network Toul Kork Campus TK Primary Library Room(4th Floor), Bookcase 7, Shelves 57-60, Dark Green Books 05/02/2025   COU 823.914 PZ7.C83175 D FISBK072129 05/02/2025 1 05/02/2025 Books